[Event "Cusco zt 2.4"]
[Site "Cusco"]
[Date "2025.02.02"]
[Round "9"]
[White "Gallegos Quispe, Daniel Paolo"]
[Black "Guzman Vera, Diego Alonso"]
[Result "0-1"]
[WhiteElo "1810"]
[BlackElo "1993"]
[PlyCount "136"]
[EventDate "2025.01.28"]
[EventType "swiss"]
[EventRounds "9"]
[EventCountry "PER"]
[SourceTitle "CB06_2025"]
[SourceDate "2025.02.05"]
[SourceVersion "1"]
[SourceVersionDate "2025.02.05"]
[SourceQuality "1"]

1. e4 c5 2. Nf3 e6 3. c3 Nf6 4. e5 Nd5 5. d4 cxd4 6. cxd4 d6 7. Bb5+ Bd7 8. Bxd7+ Nxd7 9. 0-0 Be7 10. Nbd2 0-0 11. Ne4 dxe5 12. dxe5 Qc7 13. Qd4 Nb4 14. Bg5 Nc6 15. Rac1 Bxg5 16. Nexg5 Ndxe5 17. Qxe5 Qxe5 18. Nxe5 Nxe5 19. Rc7 b6 20. f4 Nd3 21. f5 exf5 22. Rxf5 f6 23. Rd5 Ne5 24. Nf3 Rf7 25. Rxf7 Nxf3+ 26. gxf3 Kxf7 27. Rd7+ Kg6 28. Rb7 Rc8 29. Rxa7 Rc1+ 30. Kg2 Rc2+ 31. Kg3 Rxb2 32. Rb7 h6 33. a4 Rb4 34. h4 h5 35. Ra7 Kh6 36. f4 Rb3+ 37. Kg2 Ra3 38. Ra6 Kg6 39. Rxb6 Rxa4 40. Kf3 Ra3+ 41. Kg2 Kf5 42. Rb5+ Kg4 43. Rb7 Rg3+ 44. Kf2 Kxh4 45. Rb5 Ra3 46. Rb7 g5 47. Rf7 Ra4 48. fxg5 fxg5 49. Kg2 Ra2+ 50. Kf1 Kg3 51. Rb7 g4 52. Rf7 h4 53. Rf5 h3 54. Rh5 h2 55. Rh7 Ra1+ 56. Ke2 h1Q 57. Rxh1 Rxh1 58. Kd3 Re1 59. Kd2 Kf2 60. Kd3 g3 61. Kd4 g2 62. Kd5 g1Q 63. Kd6 Qg6+ 64. Kd5 Qd3+ 65. Kc5 Rc1+ 66. Kb4 Rc4+ 67. Kb5 Qb3+ 68. Ka5 Ra4# 0-1

[Event "South America-ch 2nd"]
[Site "Coliseo Miguel Grau"]
[Date "2024.07.30"]
[Round "3"]
[White "Pironti, Francisco Ferrari"]
[Black "Gallegos Quispe, Daniel Paolo"]
[Result "0-1"]
[WhiteElo "1975"]
[BlackElo "1786"]
[PlyCount "64"]
[EventDate "2024.07.29"]
[EventType "swiss"]
[EventRounds "9"]
[EventCountry "PER"]
[SourceTitle "EXT 2025"]
[Source "ChessBase"]
[SourceDate "2024.10.14"]
[SourceVersion "1"]
[SourceVersionDate "2024.10.14"]
[SourceQuality "1"]

1. e4 c5 2. Nf3 Nc6 3. d4 cxd4 4. Nxd4 g6 5. c4 Bg7 6. Be3 Nf6 7. Nc3 Ng4 8. Qxg4 Nxd4 9. Qd1 Nc6 10. Rc1 0-0 11. Be2 d6 12. 0-0 Qa5 13. a3 Be6 14. Qd2 Rfd8 15. f4 Rac8 16. Kh1 Qc7 17. Nd5 Qd7 18. b4 b6 19. a4 Nb8 20. a5 bxa5 21. b5 Bxd5 22. exd5 a4 23. Qa5 Bb2 24. Bxa7 Bxc1 25. Rxc1 Qf5 26. b6 Qxf4 27. Re1 Rc5 28. Qxa4 Qd2 29. Qa1 Ra5 30. Qb1 Nd7 31. Bg4 Nc5 32. Rxe7 Qd4 0-1

[Event "South America-ch 2nd"]
[Site "Coliseo Miguel Grau"]
[Date "2024.07.29"]
[Round "1"]
[White "Campos, Maria Jose"]
[Black "Gallegos Quispe, Daniel Paolo"]
[Result "1-0"]
[WhiteElo "2281"]
[BlackElo "1786"]
[PlyCount "111"]
[EventDate "2024.07.29"]
[EventType "swiss"]
[EventRounds "9"]
[EventCountry "PER"]
[SourceTitle "EXT 2025"]
[Source "ChessBase"]
[SourceDate "2024.10.14"]
[SourceVersion "1"]
[SourceVersionDate "2024.10.14"]
[SourceQuality "1"]

1. c4 e6 2. g3 d5 3. Nf3 a6 4. Bg2 dxc4 5. Qc2 Nf6 6. Qxc4 b5 7. Qc2 Bb7 8. 0-0 Be7 9. a4 b4 10. d3 Nbd7 11. Nbd2 Nc5 12. Nc4 Rb8 13. Na5 b3 14. Qd1 Ba8 15. d4 Nce4 16. Nxb3 Bd5 17. Nbd2 Nxd2 18. Qxd2 0-0 19. Qd3 a5 20. Bd2 Bb4 21. Rfc1 Be4 22. Qe3 Qd5 23. Bxb4 Rxb4 24. Rxc7 Rxb2 25. Rac1 Qa2 26. Rc8 Rb8 27. Rxb8 Rxb8 28. Qf4 Re8 29. Qc7 Qxe2 30. Ne5 Bg6 31. Qxa5 Qb2 32. Qc3 Qa2 33. Ra1 Nd5 34. Qc1 Qb3 35. a5 Nc3 36. Qe1 Bb1 37. a6 Qb2 38. Ra5 f6 39. a7 fxe5 40. a8Q Rxa8 41. Rxa8+ Kf7 42. Ra7+ Kg8 43. Rb7 Qc2 44. dxe5 Ne2+ 45. Kh1 Ba2 46. h4 Qd3 47. Kh2 h6 48. Bf1 Bc4 49. Rb8+ Kh7 50. Rb2 Qd4 51. Rxe2 Bxe2 52. Qxe2 Qa1 53. Qe4+ Kg8 54. Bg2 Qb2 55. Qa8+ Kf7 56. Qb7+ 1-0